00840nam a2200205 a 450000100100000000500170001000800410002702000130006804000250008124500400010624600390014626000610018530000210024650000730026704900090034071000520034995201050040195201110050699900170061700002748220240307073942.0110312s1982 dr 000 0 spa d a0378956x aDO-SdBNPbspacBNPHU00aDocumentos 7 :bprimera década /.10aDocumentos cietebprimera década aSanto Domingo :bINTEC :,c1982fEditora Amigo del Hogar a312 p. ;c21 cm. aIncluye referencias bibliográficas y notas al pie de las páginas aBNPD2 aInstituto Tecnológico de Santo Domingo978911 0010718PDaPDbPDcCTd2011-04-01iLF1l0o p27482-10r2020-06-25w2020-06-25yLFPDZNo se presta 0010718PDaPDbPDcCTd2011-04-05iLF1l0o p27482-20r2020-06-25te. 2w2020-06-25yLFPDZNo se presta c26974d26974